Calciatori e Anno di nascita - Quiz n°9 - Statistics

Statistiche generali
  • Questo quiz è stato fatto 13 volte
  • Il punteggio medio è 5 su 10
Statistiche sulle risposte
Hint Risposta % Corretto
Nemanja Vidić 1981
89%
Fernando Torres 1984
67%
Willian 1988
56%
Nicolò Zaniolo 1999
56%
Julián Álvarez 2000
56%
Amir Rrahmani 1994
44%
Blerim Džemaili 1986
33%
Adam Marušić 1992
22%
Sofyan Amrabat 1996
22%
Giuseppe Pezzella 1997
11%
Nessun quiz corrispondente trovato
Distribuzione punteggi
Percentuale di utenti per punteggio
Percentile per numero di risposta
I tuoi punteggi nel tempo
Non hai fatto questo quiz